000
00255nam a2200109Ia 4500
008
200302s9999 xx 000 0 und d
100
_a
James Mitchell
245
_a
A-k Fact Index
260
_b
Mitchell Beazley Publishing
260
_c
1977
300
_a
432 P.,
999
_c
260
_d
260